000 00468cam a22001934a 4500
005 20250605164301.0
008 250528s ||||||||||||||||||||||||d
035 _a22066
020 _a9780470032923
040 _aGR-AtMCL
_bgre
_dGR-AtMCL
_eAACR2
245 1 _aCLINICAL CASE FORMULATION: VARIETY OF APPROACHES
250 _a1
260 _bWiley,
_c2009
300 _a323
700 1 _aSturmey Peter
_97943
942 _cBK
999 _c7122
_d7122